|
|
|
|
| LEADER |
00000cam a2200000 a 4500 |
| 001 |
vtls010591486 |
| 003 |
SK-MaSNL |
| 005 |
20260301133732.0 |
| 008 |
251120s2014 xo a j f000 0 slo |
| 013 |
|
|
|a 288175
|b SK
|c patent
|d 20140312
|e dátum sprístupnenia patentu
|
| 013 |
|
|
|a 1849-2003
|e číslo prihlášky
|d 20020513
|e dátum podania prihlášky
|d 20041103
|e dátum zverejnenia prihlášky (Vestník ÚPV SR č.: 11/2004)
|
| 013 |
|
|
|a 60/209 196
|e číslo prioritnej prihlášky
|d 20010511
|e dátum podania prioritnej prihlášky
|b US
|e kód krajiny prioritnej prihlášky
|
| 015 |
|
|
|a SNBN2014
|
| 040 |
|
|
|a SNK
|b slo
|c SNK
|e AACR2
|
| 041 |
0 |
|
|a slo
|
| 044 |
|
|
|a xo
|c SK
|
| 072 |
|
7 |
|a 615
|x farmáia. Farmakológia
|2 konspekt
|
| 072 |
|
7 |
|a 616
|x Patológia. Klinická medicína
|2 konspekt
|
| 080 |
|
|
|a 615.45
|2 2001
|
| 080 |
|
|
|a 616-006
|2 2001
|
| 084 |
|
|
|a C07K 5/00
|2 IPC
|
| 084 |
|
|
|a C07K 7/00
|2 IPC
|
| 084 |
|
|
|a C07K 19/00
|2 IPC
|
| 084 |
|
|
|a C07K 14/00
|2 IPC
|
| 084 |
|
|
|a C012N 1/00
|2 IPC
|
| 084 |
|
|
|a C12N 5/00
|2 IPC
|
| 084 |
|
|
|a C12N 15/00
|2 IPC
|
| 084 |
|
|
|a A61P 17/00
|2 IPC
|
| 084 |
|
|
|a A61K 38/002
|2 IPC
|
| 084 |
|
|
|a A61P 35/00
|2 IPC
|
| 084 |
|
|
|a A61P 37/00
|2 IPC
|
| 100 |
1 |
|
|a Hosung Min
|4 aut
|9 486618
|
| 245 |
1 |
0 |
|a Látková kompozícia viažuca polypeptid TALL-1, kódujúca DNA, expresný vektor a hostiteľská bunka
|c Hosung Min, Hailing Hsu, Xiong Fei ; patent. zást. Eva Bušová
|
| 260 |
|
|
|a [Banská Bystrica]
|b Úrad priemyselného vlastníctva SR
|c [2014]
|
| 300 |
|
|
|a 162 s.
|b obr., tab.
|c 30 cm
|
| 650 |
0 |
7 |
|a farmaeutické prípravky
|2 SNKPH
|9 486619
|
| 650 |
0 |
7 |
|a onkológia
|2 SNKPH
|9 2540
|
| 650 |
0 |
7 |
|a Oncology
|2 SNKPHeng
|9 265006
|
| 650 |
0 |
7 |
|a nádorové ochorenia
|2 SNKPH
|9 2539
|
| 655 |
|
7 |
|a patenty
|2 SNKPH
|9 177343
|
| 655 |
|
7 |
|a patent licenses
|2 SNKPHeng
|9 303430
|
| 700 |
1 |
|
|a Hailing Hsu
|4 org
|9 486620
|
| 700 |
1 |
|
|a Xiong Fei
|4 org
|9 486621
|
| 700 |
1 |
|
|a Bušová, Eva
|4 oth
|9 297878
|
| 710 |
2 |
|
|a Amgen, Inc. (Thousand Oaks, Spojené štáty)
|4 pth
|9 486622
|
| 852 |
|
|
|a Štátna vedecká knižnica v Banskej Bystrici
|
| 999 |
|
|
|c 754580
|d 756510
|
| 952 |
|
|
|a SNK
|b SNK
|y PREZ
|7 0
|p 17A1109782
|o snkSK 288175
|i snk2014/11203
|8 0
|0 0
|1 0
|4 0
|d 2014-05-13
|l 0
|r 2026-02-23 23:45:03
|w 2026-02-23
|